The Sopranos Quiz - Statistics

General Stats
  • This quiz has been taken 977 times
  • The average score is 8 of 16
Answer Stats
The Sopranos Quiz #I Answer % Correct
What profession did Tony "B" pick up while in prison? Massage
81%
Adriana friend Deborah Ciccerone was actually an? FBI agent
76%
What iconic Mafia film was Dr. Melfi in before The Sopranos? Goodfellas
76%
How did Christopher kill Adriana's dog? sat on it
75%
Which of the main characters was left in a coma at the end of the series? Silvio Dante
71%
Which of Meadow's boyfriends was shot dead? Jackie Jr.
63%
Who did Ralphie kill that upset Tony S. and the other guys? Stripper
54%
What apparition did Paulie see at the Bada Bing? Virgin Mary
53%
Who was Johnny Cakes in a relationship with? Vito
53%
What did AJ get caught doing at his confirmation? smoking marijuana
52%
How did Furio consider killing Tony? Plane propeller
29%
What name did Janice Soprano give herself? Parvati
28%
What song are Meadow and her friend singing while cooking in the kitchen? Scrubs
27%
What movie did Christopher read for in acting class before he beats up another actor the following class? Rebel without a Cause
19%
Who did Carmella have an affair with? AJ's Counselor
4%
Right before Junior shoots Tony, he asked "who's down there?" and Tony says? Artie Shaw
4%
No matching quizzes found
Score Distribution
Percent of People with Each Score
Percentile by Number Answered
Your Score History
You have not taken this quiz